Guess the twenty one pilots songs - Statistics

General Stats
  • This quiz has been taken 502 times
  • The average score is 10 of 15
Answer Stats
Hint Answer % Correct
This is not rap, this is not hip-hop, Just another attempt to make the voices stop Heavydirtysoul
89%
Friend, please remove your hands from over your eyes for me Friend, Please
87%
Three lights are lit, but the fourth one's out The Judge
84%
I begin to assemble what weapons I can find Migraine
82%
Your grandpa died when you were nine The Pantaloon
75%
We all know you're qualified to fix a chair and love your wife Johnny Boy
70%
Taking my only friend I know, He leaves a lot, his name is "Hope". Semi Automatic
70%
Even if my clique were to pick and the people were to vote Fairly Local
69%
Just because I play the piano doesn't mean I'm not willing to take you down Not Today
66%
Your momma painted your room "a shade of pink" she said Ruby
65%
Have you ever done that? When you squint your eyes and your eyelashes make it look a little not right Forest
63%
We find our worth in giving birth and stuff Isle of Flightless Birds
59%
No one looks up anymore 'Cause you might get a raindrop in your eye March to the Sea
57%
We're going too fast, fast, save us Slowtown
55%
Almost dropped the bat like every base was fully loaded Be Concerned
34%
No matching quizzes found
Score Distribution
Percent of People with Each Score
Percentile by Number Answered
Your Score History
You have not taken this quiz